| 000 | 00488nam a2200169 i 4500 | ||
|---|---|---|---|
| 001 | 99773 | ||
| 003 | ES-MaACL | ||
| 005 | 20230906182543.0 | ||
| 007 | t| | ||
| 008 | 050915s1911 zzz ||||1| spa d | ||
| 100 | 1 |
_aMartínez López, Casimiro. _978186 |
|
| 245 | 1 | 0 |
_aFístulas vésico-vaginales _b: Tesis / _cCasimiro Martínez López. |
| 260 |
_a[s.l. : _bs.n.], _c1911 ( _eTip. El Eco de Santiago) |
||
| 300 |
_a37 p. ; _c20 cm. |
||
| 502 | _aTesis. | ||
| 852 |
_aES-MaACL _jT-1315-F-1 |
||
| 999 |
_c99773 _d99773 |
||